Science Quiz

Random Science or Physics Quiz

Metric System (SI) Prefixes Quiz Stats

 Plays Quiz Updated Mar 18, 2020

Support Sporcle.
Go Orange.
Score 0/20 Timer 06:00
1 Play Today
Factor Prefix % Correct
10-3milli
94.3%
103kilo
93.8%
10-2centi
92.4%
106mega
89.3%
10-9nano
88.2%
10-1deci
87.7%
109giga
84.7%
10-6micro
83.7%
101deka
78%
1012tera
71.5%
Factor Prefix % Correct
10-12pico
70.7%
102hecto
54.1%
10-15femto
42.2%
1015peta
39.2%
1024yotta
28.7%
10-18atto
24.9%
1021zetta
24.4%
1018exa
24%
10-24yocto
18.1%
10-21zepto
15.3%

From the Vault

10 to 1: Hockey

by senordingdong

Sports 10m
Ever notice that hockey rinks have rounded corners? If they were 90° the ice would melt.
Remove Ads.
Support Sporcle.
Get the best of Sporcle when you Go Orange. This ad-free experience offers more features, more stats, and more fun while also helping to support Sporcle. Thank you for becoming a member.

Show Comments

Extras

Top Quizzes Today


Score Distribution

Your Account Isn't Verified!

In order to create a playlist on Sporcle, you need to verify the email address you used during registration. Go to your Sporcle Settings to finish the process.

Report this User

Report this user for behavior that violates our Community Guidelines.

Details: